Mis-Matched Cartoons Quiz Stats

 Plays Quiz Updated Nov 28, 2018

Challenge
Share
Tweet
Score 0/15 Timer 02:00
2 Plays Today
% Correct
SpongeBob Gadget
97.8%
Darkwing Ninja Turtles
97.4%
Looney Doo, Where Are You!
96.9%
Phineas and Jerry
96.7%
Beavis and Stimpy
95%
Hey Guy
94.5%
Pinky and Friends
91%
South Tales
90.9%
% Correct
Adventure Hill
90.8%
American Show
87.8%
Tale Burgers
86.8%
Rescue Cats
83.7%
The Amazing Beavers
79.5%
Steven Babies
78.9%
Johnny Troop
76.4%

You're not logged in!

Compare scores with friends on all Sporcle quizzes.
OR
Log In

You Might Also Like...

Show Comments

Extras

Top Quizzes Today


Score Distribution

Your Account Isn't Verified!

In order to create a playlist on Sporcle, you need to verify the email address you used during registration. Go to your Sporcle Settings to finish the process.

Report this User

Report this user for behavior that violates our Community Guidelines.

Details: